| 000 | 00532nam a22001817a 4500 | ||
|---|---|---|---|
| 999 |
_c6396 _d6396 |
||
| 003 | GBCCL | ||
| 005 | 20241126110602.0 | ||
| 008 | 180511b ||||| |||| 00| 0 eng d | ||
| 040 | _cgbc | ||
| 082 |
_a272.9092 _bWUR |
||
| 100 |
_aWurmbrand, Richard _95052 |
||
| 245 |
_aTortured for Christ / _cRichard Wurmbrand |
||
| 260 |
_bLiving Sacrifice Book Company, _aBartlesville: _c1967 |
||
| 300 |
_a139 p.; _c18 cm. |
||
| 650 |
_aWurmbrand, Richard _95052 |
||
| 650 |
_aPolitical prisoners _vRomania _xBiography _911454 |
||
| 942 |
_2ddc _cBK _01 |
||